The Baer Budget 1879-1901. (Record no. 5460)

MARC details
000 -CABECERA
campo de control de longitud fija 00684nam a2200229 a 4500
001 - NÚMERO DE CONTROL
campo de control BRCA_5771
005 - FECHA Y HORA DE LA ÚLTIMA TRANSACCIÓN
campo de control 20190320205217.0
008 - DATOS DE LONGITUD FIJA--INFORMACIÓN GENERAL
campo de control de longitud fija 090311t1905----enka######---#000-0#eng-#
041 ## - CÓDIGO DE LENGUA
Código de lengua del texto/banda sonora o título independiente eng
044 ## - CÓDIGO DEL PAÍS DE LA ENTIDAD EDITORA/PRODUCTORA
Código MARC del país enk
050 #4 - SIGNATURA TOPOGRÁFICA DE LA BIBLIOTECA DEL CONGRESO
Número de clasificación HG4028
Número de documento/Ítem .M67
100 1# - ENTRADA PRINCIPAL--NOMBRE DE PERSONA
Nombre de persona Morgan, Ernest R.
9 (RLIN) 14642
245 10 - MENCIÓN DE TÍTULO
Título The Baer Budget 1879-1901.
260 ## - PUBLICACIÓN, DISTRIBUCIÓN, ETC.
Lugar de publicación, distribución, etc. Londres.
Nombre del editor, distribuidor, etc. East and Blades
Fecha de publicación, distribución, etc. 190?
300 ## - DESCRIPCIÓN FÍSICA
Extensión 55 p.
Otras características físicas ils., 5 láminas
Dimensiones 24 cm.
500 ## - NOTA GENERAL
Nota general Ilustraciones por Edward Grinhdlay; Contiene una nota de dedicatoria al Sr. Franz Mayer, por parte del autor.
500 ## - NOTA GENERAL
Nota general H74
650 14 - PUNTO DE ACCESO ADICIONAL DE MATERIA--TÉRMINO DE MATERIA
Término de materia o nombre geográfico como elemento de entrada Finanzas.
Subdivisión geográfica Londres
9 (RLIN) 14643
700 1# - PUNTO DE ACCESO ADICIONAL--NOMBRE DE PERSONA
Nombre de persona Grihdlay, Edward.
Término indicativo de función/relación ils.
9 (RLIN) 14644
902 ## - CATALOGADOR
Iniciales GFM
942 ## - ELEMENTOS DE PUNTO DE ACCESO ADICIONAL (KOHA)
Fuente del sistema de clasificación o colocación Library of Congress Classification
Tipo de ítem Koha Libros
Holdings
Estado de retiro Estado de pérdida Estado dañado No para préstamo Localización permanente Ubicación/localización actual Fecha de adquisición Número de inventario Total de préstamos Signatura topográfica completa Código de barras Fecha visto por última vez Precio válido a partir de Tipo de ítem Koha
El ejemplar forma parte de la colección y puede ser consultado según las políticas vigentes.       Biblioteca del Museo Franz Mayer (Rogerio Casas-Alatriste) Biblioteca del Museo Franz Mayer (Rogerio Casas-Alatriste) 09/03/2011 H74   HG4028 .M67 (H74) 6210 22/03/2019 22/03/2019 Libros